|
|
|
|
| LEADER |
00955nam a22002532a 4500 |
| 001 |
000228171 |
| 003 |
CZ BrMZK |
| 005 |
20030707102159.0 |
| 008 |
010907s1972 xr f rus d |
| 015 |
|
|
|a cnb000437892
|
| 035 |
|
|
|a (OCoLC)42180746
|
| 040 |
|
|
|a BOA001
|b cze
|
| 100 |
1 |
|
|a Česal, Bedřich,
|d 1924-2004
|7 jk01021772
|
| 245 |
1 |
0 |
|a Upražnenija po russkomu sintaksisu /
|c zpracovali Bedřich Česal, Miloslav Dlouhý, Miloslav Kubík za redakce L.V. Kopeckého
|
| 250 |
|
|
|a 1. vyd.
|
| 260 |
|
|
|a Praha :
|b SPN,
|c 1972
|
| 300 |
|
|
|a 187 s.
|
| 700 |
1 |
|
|a Kubík, Miloslav,
|d 1926-1983
|7 jk01070408
|
| 700 |
1 |
|
|a Dlouhý, Miloslav,
|d 1930-
|7 jk01022390
|
| 700 |
1 |
|
|a Kopeckij, Leontij Vasil‘jevič,
|d 1894-1976
|7 jn19981001651
|
| 910 |
|
|
|a BOA001
|b PK-N-0014.612
|
| 964 |
|
|
|a Ruština - skladba - cvičení - učebnice - školy vysoké
|
| 990 |
|
|
|a BK
|
| 996 |
7 |
|
|b 3119906499
|c PK-N-0014.612
|l MZK
|r Sklad / do 1 hodiny
|n 5
|w 000228171
|u 000010
|a 1
|e BOA001
|j MZK50
|s A
|